| 000 | 00000nam 2200000zi 4500 |
| 001 | 9.929194 |
| 003 | CaOODSP |
| 005 | 20240416152051 |
| 006 | m o d f |
| 007 | cr m|||||||||| |
| 008 | 231020e202309##onca ob f000 0 eng d |
| 020 | |a9780660683867 |
| 040 | |aCaOODSP|beng|erda|cCaOODSP |
| 043 | |an-cn--- |
| 086 | 1 |aPH4-188/2023E-PDF |
| 245 | 00|aSense-making futures : |bchanges in how we think, act, and behave. |
| 264 | 1|a[Ottawa] : |bGovernment of Canada = Gouvernement du Canada, |cSeptember 2023. |
| 264 | 4|c©2023 |
| 300 | |a1 online resource (44 pages) : |billustrations |
| 336 | |atext|btxt|2rdacontent |
| 337 | |acomputer|bc|2rdamedia |
| 338 | |aonline resource|bcr|2rdacarrier |
| 500 | |aIssued also in French under title: Création de sens : avenirs : changements dans la façon dont nous pensons, agissons et nous nous comportons. |
| 504 | |aIncludes bibliographical references (pages 40-44). |
| 650 | 0|aInformation behavior|zCanada. |
| 650 | 0|aDisinformation|xSocial aspects|zCanada. |
| 710 | 2 |aPolicy Horizons Canada, |eissuing body. |
| 775 | 08|tCréation de sens : |w(CaOODSP)9.929196 |
| 795 | |tThe future of sense-making : |w(CaOODSP)9.900746 |
| 856 | 40|qPDF|s1.62 MB|uhttps://publications.gc.ca/collections/collection_2024/hpc-phc/PH4-188-2023-eng.pdf |